Normal view MARC view
  • National Association of Auctioneers, House Agents, Rating Surveyors and Valuers

Entry Corporate Name

Number of records used in: 14

001 - CONTROL NUMBER

  • control field: 4989

003 - CONTROL NUMBER IDENTIFIER

  • control field: SIRSI

005 - DATE AND TIME OF LATEST TRANSACTION

  • control field: 20190806150239.0

008 - FIXED-LENGTH DATA ELEMENTS

  • fixed length control field: 060724n| aaannaabn |n ana d

040 ## - CATALOGING SOURCE

  • Original cataloging agency: OSt
  • Transcribing agency: OSt

110 2# - HEADING--CORPORATE NAME

  • Corporate name or jurisdiction name as entry element: National Association of Auctioneers, House Agents, Rating Surveyors and Valuers

670 ## - SOURCE DATA FOUND

  • Source citation: Annual general meeting, 1948 (Wembley